书目信息 |
| 题名: |
营养与膳疗学
|
|
| 作者: | 章乐绮 著 | |
| 分册: | ||
| 出版信息: | 北京 科学技术文献出版社 1999.08 |
|
| 页数: | 505页 | |
| 开本: | 16开 | |
| 丛书名: | ||
| 单 册: | ||
| 中图分类: | R459.3 | |
| 科图分类: | ||
| 主题词: | 治疗学 | |
| 电子资源: | ||
| ISBN: | 7-5023-3278-2 | |
| 000 | 00549nam0 2200193 45 | |
| 001 | 0012091692 | |
| 005 | 20001209161358.9 | |
| 010 | @a7-5023-3278-2@d58.00元 | |
| 100 | @a20001209d1999 km y0chiy0120 ea | |
| 101 | 0 | @achi |
| 105 | @a z 000yy | |
| 200 | 1 | @a营养与膳疗学@AYing Yang Yu Shan Liao Xue@f章乐绮等著@FZhang Yue Qi Deng Zhu |
| 210 | @a北京@c科学技术文献出版社@d1999.08 | |
| 215 | @a505页@d16开 | |
| 606 | 0 | @a治疗学 |
| 690 | @aR459.3@v3 | |
| 701 | 0 | @a章乐绮@4著 |
| 801 | @aCN@bPftUser@c20001209 | |
| 905 | @b301227-228@dR459.3@eZH683@f2 | |
| 营养与膳疗学/章乐绮等著.-北京:科学技术文献出版社,1999.08 |
| 505页;16开 |
| ISBN 7-5023-3278-2:58.00元 |
| ● |
| 相关链接 |
|
|
|
正题名:营养与膳疗学
索取号:R459.3/ZH683
 
预约/预借
| 序号 | 登录号 | 条形码 | 馆藏地/架位号 | 状态 | 备注 |
| 1 | 301227 | 203012275 | 自科库401/401自科库 17排2列2层/ [索取号:R459.3/ZH683] | 在馆 | |
| 2 | 301228 | 203012284 | 自科库401/401自科库 17排2列2层/ [索取号:R459.3/ZH683] | 在馆 |